书目信息 |
| 题名: |
为什么大多数人不能致富
|
|
| 作者: | 李鹏 , 李鹏 编著 | |
| 分册: | ||
| 出版信息: | 长春 吉林人民出版社 2005 |
|
| 页数: | 384页 | |
| 开本: | 20cm | |
| 丛书名: | ||
| 单 册: | ||
| 中图分类: | TS976.15 | |
| 科图分类: | ||
| 主题词: | 私人投资--基本知识 , 私人投资 , 家庭管理 | |
| 电子资源: | ||
| ISBN: | 7-206-03444-6 | |
| 000 | 00908nam0 2200289 45 | |
| 001 | 0120050101703 | |
| 005 | 20070106090828.42 | |
| 010 | @a7-206-03444-6@dCNY31.80 | |
| 092 | @aCN@b468411 | |
| 100 | @a20051017d2005 em y0chiy0120 ea | |
| 101 | 0 | @achi |
| 102 | @aCN@b220000 | |
| 105 | @ay z 000yy | |
| 200 | 1 | @a为什么大多数人不能致富@9wei shi me da duo shu ren bu neng zhi fu@f李鹏编著@Fli peng bian zhu |
| 205 | @a2版 | |
| 210 | @a长春@c吉林人民出版社@d2005 | |
| 215 | @a384页@d20cm | |
| 330 | @a本书对国内外成功致富人士进行分析,总结出大多数人患有“贫穷病”的病因,并阐述如何医治的措施和办法。 | |
| 510 | 1 | @aWhy cannot the most make money@zeng |
| 606 | 0 | @a私人投资@x基本知识 |
| 606 | 0 | @a私人投资 |
| 606 | 0 | @a家庭管理 |
| 690 | @aTS976.15@v4 | |
| 701 | 0 | @a李鹏@9li peng@4编著 |
| 701 | 0 | @a李鹏@Ali peng@4编著 |
| 801 | 0 | @aCN@bLZJBOOK@c20070106 |
| 905 | @a10447@dTS976.15@e213=2 | |
| 为什么大多数人不能致富/李鹏编著.-2版.-长春:吉林人民出版社,2005 |
| 384页;20cm |
| ISBN 7-206-03444-6:CNY31.80 |
| 本书对国内外成功致富人士进行分析,总结出大多数人患有“贫穷病”的病因,并阐述如何医治的措施和办法。 |
| ● |
| 相关链接 |
|
|
|
|
正题名:为什么大多数人不能致富
索取号:TS976.15/213=2
 
预约/预借
| 序号 | 登录号 | 条形码 | 馆藏地/架位号 | 状态 | 备注 |
| 1 | 0558438 | 205584385 | 第二样本阅览室/ [索取号:TS976.15/213=2] | 在馆 | |
| 2 | 0558439 | 205584394 | 第三借阅区/ [索取号:TS976.15/213=2] | 在馆 | |
| 3 | 0558440 | 205584401 | 第三借阅区/ [索取号:TS976.15/213=2] | 在馆 | |
| 4 | 0558441 | 205584410 | 第三借阅区/ [索取号:TS976.15/213=2] | 在馆 | |
| 5 | 0558442 | 205584429 | 第三借阅区/ [索取号:TS976.15/213=2] | 在馆 | |
| 6 | 0558443 | 205584438 | 第三借阅区/ [索取号:TS976.15/213=2] | 在馆 | |
| 7 | 0558444 | 205584447 | 第三借阅区/ [索取号:TS976.15/213=2] | 在馆 | |
| 8 | 0558445 | 205584456 | 第三借阅区/ [索取号:TS976.15/213=2] | 在馆 |